000 00795cam a2200193 i 4500
005 20251204104850.0
008 250721r9999 ua gr 000 0 ara d
082 1 4 _a214.4
_bش و ك
100 1 _aالشوكاني، محمد بن علي بن محمد بن عبد الله اليمني.
_eمؤلف.
245 1 0 _aقطر الولى على حديث الولى :
_bاو ولاية الله والطريق اليها.
_cتاليف الامام الشوكاني.
260 3 1 _a[غيرمعرف]:
_b[غيرمعرف]،
_c[بين 1995 و 2005] .
300 _a570صفحة.
650 1 7 _aالعقيدة الدينية.
650 1 7 _aالأولياء.
650 1 7 _aالكرامات.
700 1 _aهلال،ابراهيم ابراهيم.
_eمحقق.
942 _2ddc
_cBK
999 _c99659
_d99659